000 04307nab a2200337 i 4500
003 BR-BrBNA
005 20240603123527.0
008 240603b2015 bl.qr|pooa||| 00| 0 por |
040 _aBR-BrBNA
_bpor
072 _aH10
_b0120
072 _aF60
100 _aTrindade, R.C.P.
100 _aFerreira, E.S.
100 _aGomes, I.B.
100 _aSilva, L.
100 _aSant'Ana, A.E.G.
100 _aBroglio, S.M.F.
100 _aSilva, M.S.
245 _aExtratos aquosos de inhame (Dioscorea rotundata Poirr.) e de mastruz (Chenopodium ambrosioides L.) no desenvolvimento da lagarta-do-cartucho-domilho Spodoptera frugiperda (J.E. Smith, 1797)
500 _aPublicação on-line; 20 ref.; 1 table; 2 illus.; Summaries (En, Pt)
520 _a RESUMO: Estudou-se o efeito de extratos aquosos de inhame (0; 5; 10; e 20% p/p) e de mastruz (0; 2; 4; 6; 8 e 10% p/p) na biologia da lagarta-do-cartucho. Secções de folhas de milho foram mergulhadas por 30 segundos em soluções de cada concentração; após a secagem, colocouse em cada secção uma lagarta recém-eclodida. Foram avaliadas a viabilidade e a duração das fases larval e pupal, peso e comprimento das lagartas e pupas. Em relação ao extrato de inhame, a concentração de 20% causou maior influência na fase larval, sendo a viabilidade reduzida para 12%, com duração de 7 dias, diferindo da testemunha com 17 dias. O extrato da mesma planta a 10% causou 48% de mortalidade. Em todas as concentrações esse extrato também afetou a fase de pupa; na testemunha, 85% das pupas foram viáveis, enquanto nos demais tratamentos a viabilidade não excedeu a 25%. Para o peso e comprimento das lagartas, os resultados não foram significativos. Para o mastruz, o extrato a 20% causou influência na fase larval com baixa viabilidade e mortalidade logo nos primeiros seis dias de avaliação. Outras concentrações de mastruz não deferiram entre si nas fases larval e pupal. Verificou-se que a alimentação das lagartas com folhas tratadas com mastruz diminuiu o peso das pupas. Palavras-chave: biopesticida, controle de praga, pesticida natural.
520 _a ABSTRACT: Aqueous extracts of yam (Dioscorea rotundata Poirr.) and chenopodium (Chenopodium ambrosioides L.) in the development of fall armyworm Spodoptera frugiperda (J.E. Smith, 1797). The effect of aqueous extracts of yam (0, 5, 10, and 20% h/h) and chenopodium (0, 2, 4, 6, 8 and 10% h/h) on the biology of fall armyworm was studied. Sections of maize leaves were dipped for 30 seconds in solutions of each concentration; after the section dried, a recently hatched caterpillar was placed onto each treated section. The viability and duration of the larval and pupal stages and the weight and length of the caterpillars and pupae were evaluated. For yam, the extract at 20% concentration caused the greatest influence on the larval stage of the insect, significantly reducing larval viability to 12%, with 7 day larval stage duration, differing from the control at 17 days. The extract of the same plant at 10% caused 48% larval mortality. At all concentrations, that extract also affected the pupal stage; in the control, pupal viability was 85%, whereas for the other concentrations the viability did not exceed 25%. No significant differences were observed for the weight and length of caterpillars. For chenopodium, the extract at 20% concentration caused influence on the larval stage, as it showed the lowest viability, causing mortality in six days. Other chenopodium concentrations did not show differences for the larval and pupal stages. Feeding caterpillars with leaves treated with the extract of chenopodium decreased pupal weight. Key words: biopesticide, pest control, natural pesticide
650 _aPRAGA DE PLANTA
650 _aCONTROLE
650 _aPESTICIDA
650 _aPLANTA MEDICINAL
773 0 _03543
_9315533
_dBotucatu-SP Instituto de Biociências - Departamento de Química e Bioquímica 1998
_o2024-1859
_tRevista Brasileira de Plantas Medicinais (Brazil)
_x1516-0572
_gv. 17(2) p. 291-296; (2015)
_wBR2024001346
856 _uhttps://www.scielo.br/j/rbpm/a/NgBqRKVGwmTwTqzyq74TG9n/?format=pdf&lang=pt
942 _cAnalítica
999 _c299870
_d299870